Investment trends (Record no. 107410)

MARC details
000 -LEADER
fixed length control field 01021cai a22002175a 4500
001 - CONTROL NUMBER
control field L140038
008 - FIXED-LENGTH DATA ELEMENTS--GENERAL INFORMATION
fixed length control field 070830s2007 xxkd f 000 0 eng d
035 ## - SYSTEM CONTROL NUMBER
System control number (Sirsi) u140038
041 0# - LANGUAGE CODE
Language code of text/sound track or separate title eng
050 04 - LIBRARY OF CONGRESS CALL NUMBER
Classification number 333.33 $2 18
110 2# - MAIN ENTRY--CORPORATE NAME
Corporate name or jurisdiction name as entry element Drivers Jonas
9 (RLIN) 1941
245 00 - TITLE STATEMENT
Title Investment trends
Remainder of title summer report 2007
Medium [electronic resource]
260 ## - PUBLICATION, DISTRIBUTION, ETC.
Place of publication, distribution, etc. London
Name of publisher, distributor, etc. Drivers Jonas
Date of publication, distribution, etc. 2007
490 #0 - SERIES STATEMENT
Series statement Drivers Jonas Investment Trends
Volume/sequential designation Summer 2007
520 ## - SUMMARY, ETC.
Summary, etc. Suggests that sentiment towards UK commercial property is becoming increasingly bearish. Explains that this is not surprising given the near vertical interest rate curve, rising bond yields, weakening retail rental growth and reports of falling capital values in secondary areas of the market.
590 ## - LOCAL NOTE (RLIN)
Local note ka ntk
651 #4 - SUBJECT ADDED ENTRY--GEOGRAPHIC NAME
Geographic name England and Wales
Chronological subdivision 1543-
690 ## - LOCAL SUBJECT ADDED ENTRY--TOPICAL TERM (OCLC, RLIN)
Topical term or geographic name as entry element PROPERTY-COMMERCIAL PROPERTY-COMMERCIAL PROPERTY MARKET
856 48 - ELECTRONIC LOCATION AND ACCESS
Uniform Resource Identifier <a href="https://www.driversjonas.com">https://www.driversjonas.com</a>
Public note View the item free of charge (registration necessary) at: www.driversjonas.com...
942 ## - ADDED ENTRY ELEMENTS (KOHA)
Suppress in OPAC 0
Holdings
Withdrawn status Lost status Source of classification or shelving scheme Damaged status Not for loan Home library Current library Shelving location Date acquired Total Checkouts Full call number Barcode Date last seen Copy number Price effective from Koha item type
    Dewey Decimal Classification     Virtual Virtual Online 30/08/2007   ONLINE PUBLICATION 140038-1001 06/08/2019 1 06/08/2019 Book